The two towers: (Record no. 4070)

000 -LEADER
fixed length control field 01939cam a2200373 a 4500
001 - CONTROL NUMBER
control field 7038016
003 - CONTROL NUMBER IDENTIFIER
control field Nust
005 - DATE AND TIME OF LATEST TRANSACTION
control field 20220728150031.0
008 - FIXED-LENGTH DATA ELEMENTS--GENERAL INFORMATION
fixed length control field 080219s2008 nyu b 001 0 eng
010 ## - LIBRARY OF CONGRESS CONTROL NUMBER
LC control number 2008007062
020 ## - INTERNATIONAL STANDARD BOOK NUMBER
International Standard Book Number 9780261102361 (pbk)
024 ## - OTHER STANDARD IDENTIFIER
Standard number or code 99932800056
035 ## - SYSTEM CONTROL NUMBER
System control number (OCoLC)ocn193909549
035 ## - SYSTEM CONTROL NUMBER
System control number (NNC)7038016
035 ## - SYSTEM CONTROL NUMBER
System control number (OCoLC)193909549
Canceled/invalid control number (OCoLC)183260965
040 ## - CATALOGING SOURCE
Original cataloging agency DLC
Transcribing agency DLC
Modifying agency YDX
-- BAKER
-- BTCTA
-- YDXCP
050 00 - LIBRARY OF CONGRESS CALL NUMBER
Classification number PR6039.O32
Item number L63457 2008
082 00 - DEWEY DECIMAL CLASSIFICATION NUMBER
Classification number 823.912
Author Mark TOL
100 ## - MAIN ENTRY--PERSONAL NAME
Personal name J.R.R. Tolkien's
9 (RLIN) 95661
245 00 - TITLE STATEMENT
Title The two towers:
Remainder of title The lord of the rings part 2 /
Statement of responsibility, etc. J. R. R. Tolkien
246 30 - VARYING FORM OF TITLE
Title proper/short title Lord of the rings
260 ## - PUBLICATION, DISTRIBUTION, ETC.
Place of publication, distribution, etc. New York :
Name of publisher, distributor, etc. Bloom's Literary Criticism,
Date of publication, distribution, etc. 2009.
300 ## - PHYSICAL DESCRIPTION
Extent 971 p. ;
Dimensions 25 cm.
490 1# - SERIES STATEMENT
Series statement Bloom's modern critical interpretations
504 ## - BIBLIOGRAPHY, ETC. NOTE
Bibliography, etc. note Includes bibliographical references (p. 191-194) and index.
505 0# - FORMATTED CONTENTS NOTE
Formatted contents note Epic Pooh / Michael Moorcock -- "Queer" hobbits: the problem of difference in the Shire / Jane Chance -- Mind, spirit, and dream in The lord of the rings / Michael N. Stanton -- Frodo's batman / Mark T. Hooker -- In the far northwest of the old world / Jared Lobdell -- Spiders and evil red eyes : the shadow sides of Gandalf and Galadriel / Marjorie Burns -- Archaism, nostalgia, and Tennysonian war in The lord of the rings / Andrew Lynch -- Gothic echoes / Sue Zlosnik -- Tolkien and the idea of the book / Verlyn Flieger -- The story was already written : narrative theory in The lord of the rings / Mary R. Bowman -- Tolkien's females and the defining of power / Nancy Enright.
600 10 - SUBJECT ADDED ENTRY--PERSONAL NAME
Personal name Tolkien, J. R. R.
Fuller form of name (John Ronald Reuel),
Dates associated with a name 1892-1973.
Title of a work Lord of the rings.
9 (RLIN) 11915
650 #0 - SUBJECT ADDED ENTRY--TOPICAL TERM
Topical term or geographic name entry element Fantasy fiction, English
General subdivision History and criticism.
9 (RLIN) 11916
700 1# - ADDED ENTRY--PERSONAL NAME
Personal name Bloom, Harold.
9 (RLIN) 11484
830 #0 - SERIES ADDED ENTRY--UNIFORM TITLE
Uniform title Bloom's modern critical interpretations.
9 (RLIN) 35632
942 ## - ADDED ENTRY ELEMENTS (KOHA)
Source of classification or shelving scheme
Koha item type Book
948 1# - LOCAL PROCESSING INFORMATION (OCLC); SERIES PART DESIGNATOR (RLIN)
Series part designator, SPT (RLIN) 20090327
b (OCLC) c
c (OCLC) sds12
d (OCLC) MPS
Holdings
Withdrawn status Lost status Source of classification or shelving scheme Damaged status Not for loan Permanent Location Current Location Shelving location Date acquired Total Checkouts Total Renewals Full call number Barcode Date last seen Date last checked out Copy number Price effective from Koha item type
          Central Library (CL) Central Library (CL) Fiction 12/19/2016 4 1 823.912 TOL CL1131 04/27/2026 12/26/2024 1 12/19/2016 Book
          Central Library (CL) Central Library (CL) Fiction 08/01/2022     823.912 TOL CL3475 08/01/2022     08/01/2022 Book
© 2023 Central Library, National University of Sciences and Technology. All Rights Reserved.